[Event "chess.com Speed 2019"]
[Site "chess.com INT"]
[Date "2019.10.02"]
[Round "1.15"]
[White "Mamedyarov,S"]
[Black "So,W"]
[Result "1/2-1/2"]
[WhiteElo "2767"]
[BlackElo "2767"]

1.a3 g6 2.e4 c5 3.b4 Bg7 4.Nc3 d6 5.Rb1 Nc6 6.Bc4 Nf6 7.Nge2 O-O 8.d3 b6
9.O-O e6 10.Ba2 Bb7 11.h3 Rc8 12.Bf4 h6 13.Qd2 Kh7 14.Nb5 Ne8 15.Bg3 a6 16.Nbc3 b5
17.Nd1 Nf6 18.Ne3 c4 19.dxc4 Nxe4 20.Qd3 Nxg3 21.Nxg3 bxc4 22.Nxc4 d5 23.Ne3 Qh4
24.b5 axb5 25.Qxb5 Ba8 26.Rfd1 Nd4 27.Qd3 Rc3 28.Qd2 Rxa3 29.Bb3 Ra7 30.Nef1 Rc7
31.Ne2 Nxe2+ 32.Qxe2 Rfc8 33.Nh2 Qe4 34.Qf1 d4 35.Nf3 Qf4 36.Rd3 Rc3 37.Rbd1 Bxf3
38.gxf3 R8c5 39.Kh1 Be5 40.Qg2 Rxd3 41.Rxd3 h5 42.Qg3 Qf5 43.Qg2 Rc3 44.Rxc3 dxc3
45.Kg1 Qf4 46.Kh1 Kg7 47.Qg3 Qxg3 48.fxg3 Bxg3 49.Kg2 Bf4 50.Kf2 Kf6 51.Ba4 Ke7
52.Ke2 f5 53.Kd3 Bd2 54.Bc6 g5 55.Bb5 e5 56.Ke2 Ke6 57.Bc4+ Kf6 58.Bb5 e4
59.fxe4 fxe4 60.Be8 g4 61.h4 g3 62.Bxh5 Kf5 63.Kf1 Bf4 64.Kg2 Be5 65.Be8 Kf4
66.h5 Kg4 67.h6 Kg5 68.h7 Kf4 69.Bc6 Bh8 70.Bd5 Be5 71.Bc6 Ke3 72.h8=Q Bxh8
73.Kxg3 Be5+ 74.Kg2 Bd4 75.Bb7 Bc5 76.Bc6 Bd6 77.Kf1 Be5 78.Ke1 Bg3+ 79.Kd1 Kf3
80.Bb5 Bf4 81.Be2+ Kf2 82.Bc4 e3 83.Be2 Bg3  1/2-1/2

[Event "chess.com Speed 2019"]
[Site "chess.com INT"]
[Date "2019.10.02"]
[Round "1.29"]
[White "Mamedyarov,S"]
[Black "So,W"]
[Result "1-0"]
[WhiteElo "2767"]
[BlackElo "2767"]

1.d4 Nf6 2.Nc3 d5 3.Bg5 Nbd7 4.f3 h6 5.Bh4 c5 6.dxc5 e6 7.e4 Bxc5 8.exd5 Qb6
9.dxe6 fxe6 10.Nge2 O-O 11.Qd2 Be3 12.Qd3 a6 13.Bg3 Rd8 14.Na4 Qa5+ 15.Qc3 Qg5
16.h4 Qb5 17.Qxe3 Qxa4 18.O-O-O Qxa2 19.Nc3 Qa1+ 20.Nb1 Re8 21.Bc4 b5 22.Bxe6+ Kh8
23.Rhe1 Nf8 24.Be5 Rxe6 25.Qd4 Qa4 26.b4 Bb7 27.g4 Rc8 28.Rd2 Rce8 29.g5 Ng6
30.gxf6 Nxe5 31.fxg7+ Kg8 32.Rde2 Nxf3 33.Qf4 Rxe2 34.Rxe2  1-0

[Event "chess.com Speed 2019"]
[Site "chess.com INT"]
[Date "2019.10.02"]
[Round "1.1"]
[White "Mamedyarov,S"]
[Black "So,W"]
[Result "0-1"]
[WhiteElo "2767"]
[BlackElo "2767"]

1.d4 Nf6 2.c4 e6 3.Nf3 d5 4.Bg5 Be7 5.Qc2 h6 6.Bxf6 Bxf6 7.e3 O-O 8.h4 c5
9.g4 g6 10.g5 hxg5 11.hxg5 Bg7 12.Nc3 cxd4 13.exd4 Nc6 14.O-O-O Nb4 15.Qd2 dxc4
16.Qf4 Qa5 17.Bxc4 b5 18.Bb3 Bb7 19.Kb1 Rac8 20.Rh3 Rxc3 21.bxc3 Nd5 22.Bxd5 Bxd5
23.Qd2 b4 24.cxb4 Be4+ 25.Ka1 Qf5 26.Ng1 Rd8 27.Rh4 Rxd4 28.Qxd4 Bxd4+ 29.Rxd4 Bd5
30.Rh8+ Kxh8  0-1

[Event "chess.com Speed 2019"]
[Site "chess.com INT"]
[Date "2019.10.02"]
[Round "1.18"]
[White "So,W"]
[Black "Mamedyarov,S"]
[Result "1-0"]
[WhiteElo "2767"]
[BlackElo "2767"]

1.a3 Nf6 2.Nf3 d5 3.d4 c5 4.dxc5 a5 5.e3 Qc7 6.c4 dxc4 7.Bxc4 e6 8.O-O Bxc5
9.Nc3 O-O 10.Qe2 b6 11.e4 Bb7 12.Bg5 Nbd7 13.Rad1 Rac8 14.Ba6 Bxa6 15.Qxa6 Ne5
16.Qe2 Ng6 17.e5 Ng4 18.Nb5 Qb8 19.Nd6 Rc6 20.Nc4 Rfc8 21.b3 h6 22.Bd2 a4
23.Nb2 Bxa3 24.Nd3 f6 25.exf6 Nxf6 26.bxa4 e5 27.Ndxe5 Re6 28.Qd3 Nxe5 29.Qxa3  1-0

[Event "chess.com Speed 2019"]
[Site "chess.com INT"]
[Date "2019.10.02"]
[Round "1.19"]
[White "Mamedyarov,S"]
[Black "So,W"]
[Result "1/2-1/2"]
[WhiteElo "2767"]
[BlackElo "2767"]

1.d4 Nf6 2.Nf3 d5 3.c4 dxc4 4.Nc3 a6 5.e4 b5 6.e5 Nd5 7.a4 Nb6 8.axb5 e6
9.Be2 Bb7 10.O-O axb5 11.Rxa8 Bxa8 12.Nxb5 Be7 13.Qc2 O-O 14.Rd1 Nc6 15.Bd2 Qd7
16.Na3 Nxd4 17.Nxd4 Qxd4 18.Bb4 Qh4 19.g3 Qh3 20.Bf1 Qh5 21.Be2 Qh3 22.Bf1 Qh5
23.Be2 Qh3  1/2-1/2

[Event "chess.com Speed 2019"]
[Site "chess.com INT"]
[Date "2019.10.02"]
[Round "1.17"]
[White "Mamedyarov,S"]
[Black "So,W"]
[Result "1/2-1/2"]
[WhiteElo "2767"]
[BlackElo "2767"]

1.a3 h6 2.Nf3 d5 3.d4 Nf6 4.c4 e6 5.Nc3 Nbd7 6.Bf4 dxc4 7.e4 Nb6 8.Nb5 e5
9.Nxe5 Bd6 10.Nxd6+ cxd6 11.Nxc4 Nxc4 12.Bxc4 Nxe4 13.O-O O-O 14.Re1 d5 15.Bd3 Qb6
16.f3 Nd6 17.Kh1 Be6 18.Qd2 Rfe8 19.Bxh6 gxh6 20.Qxh6 Nf5 21.Qh5 Qxb2 22.Bxf5 Bxf5
23.Qxf5 Qxd4 24.Qg5+ Kf8 25.Red1 Qe5 26.Qh6+ Kg8 27.Rab1 Rad8 28.f4 Qf5 29.Rb3 Re6
30.Rg3+ Rg6 31.Rxg6+ fxg6 32.Qh4 Rd7 33.h3 d4 34.Qf2 d3 35.Qe3 Kf7 36.Qxa7 d2
37.Qe3 Qc2 38.Qe2 b5 39.Kh2 Qc4 40.Qf3 Rd3 41.Qb7+ Kf6 42.Qb6+ Kg7 43.Qb7+ Kh6
44.Qb8 Kg7 45.Qb7+ Kh6 46.Qb8 Kg7 47.Qa7+ Kh6 48.Qf2 Qe4 49.Qh4+ Kg7 50.Qf2 Qd5
51.Qa7+ Kh6 52.Qb8 Kg7 53.Qc7+ Kh6 54.Qa7 Qd6 55.Qf2 Rd4 56.Qg3 Kg7 57.Qe3 Rxf4
58.Kh1 Rd4 59.Qe2 Qd5 60.Qe3 Qd6 61.Qe2 Qd5 62.Qe7+ Kh6 63.Qe3+ Kg7 64.Qe7+ Kh6
65.Qe3+ Kg7 66.Qe7+  1/2-1/2

[Event "chess.com Speed 2019"]
[Site "chess.com INT"]
[Date "2019.10.02"]
[Round "1.12"]
[White "So,W"]
[Black "Mamedyarov,S"]
[Result "1-0"]
[WhiteElo "2767"]
[BlackElo "2767"]

1.Nf3 Nf6 2.c4 c6 3.Nc3 d5 4.e3 Bf5 5.cxd5 cxd5 6.Qb3 Bc8 7.d4 e6 8.Bd3 Nc6
9.O-O Be7 10.Bd2 O-O 11.Rac1 Bd7 12.Ne5 Nxe5 13.dxe5 Ng4 14.f4 Bc5 15.Nd1 Bb6
16.h3 Nh6 17.Bc3 Rc8 18.Rc2 Nf5 19.Bxf5 exf5 20.Bd4 Rxc2 21.Qxc2 Bxd4 22.exd4 Qb6
23.Qd2 Rc8 24.Ne3 Be6 25.g4 fxg4 26.f5 Bd7 27.Nxd5 Qd8 28.f6 Kh8 29.Ne7 gxh3
30.fxg7+ Kxg7 31.Qg5+ Kf8 32.Qg8+  1-0

[Event "chess.com Speed 2019"]
[Site "chess.com INT"]
[Date "2019.10.02"]
[Round "1.11"]
[White "Mamedyarov,S"]
[Black "So,W"]
[Result "1/2-1/2"]
[WhiteElo "2767"]
[BlackElo "2767"]

1.d4 Nf6 2.c4 e6 3.Nc3 Bb4 4.Nf3 c5 5.g3 cxd4 6.Nxd4 O-O 7.Bg2 d5 8.cxd5 Nxd5
9.Bd2 Bxc3 10.bxc3 e5 11.Nb3 Nc6 12.O-O Nb6 13.Be3 Nc4 14.Bc5 Re8 15.Qc2 Qc7
16.f4 exf4 17.Rxf4 Be6 18.Bf2 N4e5 19.Nc5 Ng6 20.Ra4 Rad8 21.Nxe6 Rxe6 22.Rd1 Rxd1+
23.Qxd1 Rd6 24.Qc2 Qd7 25.h3 Rd2 26.Qe4 h6 27.Kh2 a6 28.Ra3 Qe7 29.Qxe7 Ngxe7
30.Bf3 Ne5 31.Bxb7 Rxe2 32.Kg1 Nf5 33.Ra5 f6 34.Kf1 Rb2 35.Be4 Nd6 36.Bd5+ Kh7
37.Rxa6 Ndc4 38.Bd4 Nd2+ 39.Ke2 Ndc4+ 40.Kd1 Rd2+ 41.Kc1 Nd3+ 42.Kb1 Rb2+
43.Ka1 Nd2 44.a4 Rb1+ 45.Ka2 Rb2+ 46.Ka1 Rb1+ 47.Ka2 Rb2+ 48.Ka1  1/2-1/2

[Event "chess.com Speed 2019"]
[Site "chess.com INT"]
[Date "2019.10.02"]
[Round "1.10"]
[White "So,W"]
[Black "Mamedyarov,S"]
[Result "1-0"]
[WhiteElo "2767"]
[BlackElo "2767"]

1.d4 Nf6 2.Nf3 g6 3.Nbd2 Bg7 4.e4 O-O 5.e5 Ne8 6.Bd3 d6 7.exd6 Nxd6 8.O-O Bf5
9.Bxf5 Nxf5 10.c3 Nd7 11.Ne4 Nd6 12.Re1 Nxe4 13.Rxe4 e5 14.Bg5 f6 15.dxe5 Nxe5
16.Qb3+ Nf7 17.Rd1 Qc8 18.Re7 Qf5 19.Rd5  1-0

[Event "chess.com Speed 2019"]
[Site "chess.com INT"]
[Date "2019.10.02"]
[Round "1.9"]
[White "Mamedyarov,S"]
[Black "So,W"]
[Result "1-0"]
[WhiteElo "2767"]
[BlackElo "2767"]

1.d4 d5 2.c4 dxc4 3.e4 Nf6 4.e5 Nd5 5.Bxc4 Bf5 6.Nc3 e6 7.Bxd5 exd5 8.Qf3 Be6
9.Nge2 c5 10.O-O Nc6 11.Rd1 cxd4 12.Nxd4 Bc5 13.Nb3 Bb6 14.Nxd5 Nxe5 15.Qh5 Ng4
16.Bg5 Bxf2+ 17.Kh1 Qd7 18.Nf6+ Nxf6 19.Bxf6 Qa4 20.Bxg7 Rg8 21.Qxh7 Ke7
22.Nd4 Rad8 23.b3 Qb4 24.Qe4 Bxd4 25.Bxd4 Qb5 26.Qh4+ Ke8 27.Bf6 Rc8 28.Rd2  1-0

[Event "chess.com Speed 2019"]
[Site "chess.com INT"]
[Date "2019.10.02"]
[Round "1.8"]
[White "So,W"]
[Black "Mamedyarov,S"]
[Result "1-0"]
[WhiteElo "2767"]
[BlackElo "2767"]

1.d4 d5 2.c4 c6 3.Nf3 Nf6 4.e3 Bf5 5.Nc3 e6 6.Nh4 Be4 7.f3 Bg6 8.Qb3 Qc7
9.Bd2 Be7 10.Rc1 dxc4 11.Bxc4 Nbd7 12.g3 a6 13.a4 Bh5 14.O-O O-O 15.g4 Bg6
16.g5 Ne8 17.f4 Nd6 18.Nxg6 hxg6 19.Be2 c5 20.e4 Rac8 21.Be3 cxd4 22.Bxd4 Nc5
23.Qb4 Ndxe4 24.Nxe4 Nxe4 25.Rxc7 Bxb4 26.Rfc1 Rxc7 27.Rxc7 Rd8 28.Be3 Bd2
29.Bxd2 Rxd2 30.Bf3 Nd6 31.Bxb7 a5 32.Rd7 Rxb2 33.Bc6 Nf5 34.Ra7 Rc2 35.Bb5 Nd4
36.Rxa5 f6 37.Bd3 Nf3+ 38.Kf1 Nxh2+ 39.Ke1 Nf3+ 40.Kf1 Ra2 41.Bxg6 Kf8 42.Ra7 fxg5
43.Rf7+ Kg8 44.Re7 Nh2+ 45.Kg1 Nf3+ 46.Kf1 Nh2+ 47.Ke1 Nf3+ 48.Kd1 Rd2+ 49.Kc1 Rd8
50.fxg5 Ne5 51.Be4 Nd3+ 52.Bxd3 Rxd3 53.Rxe6 Ra3 54.g6 Kf8 55.Re4  1-0

[Event "chess.com Speed 2019"]
[Site "chess.com INT"]
[Date "2019.10.02"]
[Round "1.7"]
[White "Mamedyarov,S"]
[Black "So,W"]
[Result "1/2-1/2"]
[WhiteElo "2767"]
[BlackElo "2767"]

1.d4 Nf6 2.c4 e6 3.Nf3 d5 4.Bg5 Be7 5.e3 Nbd7 6.Nc3 h6 7.Bh4 O-O 8.Rc1 c5
9.dxc5 dxc4 10.Bxc4 Nxc5 11.O-O a6 12.Be2 b5 13.Ne5 Bb7 14.Bf3 Qxd1 15.Rfxd1 Bxf3
16.gxf3 Rfc8 17.Ne2 g5 18.Bg3 Nd5 19.Nd4 Bf6 20.Ndc6 Bxe5 21.Nxe5 f6 22.Ng4 h5
23.e4 hxg4 24.exd5 gxf3 25.d6 Nd7 26.Rc7 Rd8 27.Rd3 Kf7 28.Rxf3 Kg6 29.Rfc3 e5  1/2-1/2

[Event "chess.com Speed 2019"]
[Site "chess.com INT"]
[Date "2019.10.02"]
[Round "1.6"]
[White "So,W"]
[Black "Mamedyarov,S"]
[Result "1-0"]
[WhiteElo "2767"]
[BlackElo "2767"]

1.Nf3 Nf6 2.c4 c5 3.Nc3 d5 4.cxd5 Nxd5 5.e3 Nxc3 6.dxc3 Qc7 7.e4 Nc6 8.Be3 e6
9.Nd2 Be7 10.Qg4 O-O 11.Qg3 Qxg3 12.hxg3 b6 13.g4 h6 14.O-O-O Rd8 15.Be2 Bb7
16.Rh5 Rac8 17.Rdh1 Kf8 18.Kb1 f6 19.f4 e5 20.g3 Na5 21.Rf1 Kg8 22.Kc1 Bc6
23.fxe5 Be8 24.Rh2 fxe5 25.g5 Bxg5 26.Bxg5 hxg5 27.Nf3 Rd6 28.Nxg5 Rh6 29.Rhf2 Bh5
30.Ba6 Rd8 31.b4 cxb4 32.cxb4 Nc6 33.Bc4+ Kh8 34.Rf8+  1-0

[Event "chess.com Speed 2019"]
[Site "chess.com INT"]
[Date "2019.10.02"]
[Round "1.24"]
[White "So,W"]
[Black "Mamedyarov,S"]
[Result "0-1"]
[WhiteElo "2767"]
[BlackElo "2767"]

1.d4 Nf6 2.c4 e6 3.Nf3 b6 4.g3 Bb7 5.Bg2 Be7 6.O-O O-O 7.Re1 d5 8.cxd5 exd5
9.Nc3 Nbd7 10.Bf4 a6 11.Rc1 Rc8 12.Ne5 Re8 13.Qb3 Nf8 14.Bh3 Ne6 15.Be3 c5
16.Nf3 c4 17.Qc2 b5 18.a3 Bd6 19.Ng5 Nxg5 20.Bxg5 Rc7 21.Bxf6 Qxf6 22.Bg2 Qe6
23.e4 dxe4 24.Bxe4 Bxe4 25.Nxe4 Rce7 26.Re3 Qg6 27.Rce1 Bc7 28.b3 cxb3 29.Qxb3 Rxe4  0-1

[Event "chess.com Speed 2019"]
[Site "chess.com INT"]
[Date "2019.10.02"]
[Round "1.3"]
[White "Mamedyarov,S"]
[Black "So,W"]
[Result "1-0"]
[WhiteElo "2767"]
[BlackElo "2767"]

1.d4 Nf6 2.c4 e6 3.Nf3 d5 4.Bg5 Be7 5.e3 h6 6.Bxf6 Bxf6 7.Qc2 O-O 8.h4 c5
9.g4 g6 10.g5 hxg5 11.hxg5 Bg7 12.Nc3 cxd4 13.exd4 Nc6 14.O-O-O Nb4 15.Qd2 dxc4
16.Qf4 Qa5 17.Bxc4 b5 18.Bb3 Bb7 19.Kb1 Rac8 20.Ne4 Bxe4+ 21.Qxe4 Rc7 22.Ne5 Rfc8
23.Nxf7 Rxf7 24.Qxe6  1-0

[Event "chess.com Speed 2019"]
[Site "chess.com INT"]
[Date "2019.10.02"]
[Round "1.2"]
[White "So,W"]
[Black "Mamedyarov,S"]
[Result "1-0"]
[WhiteElo "2767"]
[BlackElo "2767"]

1.d4 Nf6 2.c4 g6 3.g3 Bg7 4.Bg2 O-O 5.Nc3 d6 6.Nf3 Nbd7 7.O-O e5 8.h3 a6
9.b3 Re8 10.e3 c6 11.Ba3 e4 12.Nd2 d5 13.Rc1 h5 14.Qc2 Nf8 15.Ne2 h4 16.g4 Ne6
17.Rfe1 Bd7 18.Bd6 Rc8 19.Qb2 Nxg4 20.hxg4 Ng5 21.cxd5 Bxg4 22.Bf4 Nf3+ 23.Kf1 c5
24.Ng1 g5 25.Be5 cxd4 26.Ndxf3 exf3 27.Bxf3 Rxc1 28.Rxc1 Bxe5 29.Bxg4 dxe3
30.Qe2 Bf4 31.Rc8 Qe7 32.d6 Bxd6 33.Qxe3 Qxe3 34.fxe3 Kf8 35.Nf3 f6 36.Rxe8+ Kxe8
37.Bc8 a5 38.Bxb7 Kd7 39.Be4 Ke6 40.Bb7 f5 41.Nxg5+  1-0

[Event "chess.com Speed 2019"]
[Site "chess.com INT"]
[Date "2019.10.02"]
[Round "1.21"]
[White "Mamedyarov,S"]
[Black "So,W"]
[Result "0-1"]
[WhiteElo "2767"]
[BlackElo "2767"]

1.Nc3 Nf6 2.e4 d5 3.e5 d4 4.Nce2 Nfd7 5.e6 Nf6 6.exf7+ Kxf7 7.Nf3 Nc6 8.Nf4 e5
9.Bc4+ Ke8 10.Ne6 Bxe6 11.Bxe6 Qe7 12.Bb3 e4 13.Ng5 d3 14.O-O Nd4 15.cxd3 exd3
16.Bf7+ Kd8 17.Bc4 Qc5 18.Nf7+ Ke8 19.Re1+ Be7 20.b3 Rf8 21.Re5 Ne2+ 22.Kf1 Qd4
23.Ba3 Ng8 24.Bxd3 Rxf7 25.Qxe2 Qxa1+  0-1

[Event "chess.com Speed 2019"]
[Site "chess.com INT"]
[Date "2019.10.02"]
[Round "1.23"]
[White "Mamedyarov,S"]
[Black "So,W"]
[Result "1-0"]
[WhiteElo "2767"]
[BlackElo "2767"]

1.d4 Nf6 2.Nf3 d5 3.g3 g6 4.Bg2 Bg7 5.O-O O-O 6.c4 dxc4 7.Na3 c5 8.Nxc4 Be6
9.b3 Nc6 10.Bb2 cxd4 11.Nxd4 Nxd4 12.Qxd4 Bd5 13.Bxd5 Qxd5 14.Rfd1 Rfd8 15.Rac1 Qxd4
16.Bxd4 Nd5 17.Bxg7 Kxg7 18.Na5 Nb4 19.a3 b6 20.axb4 bxa5 21.bxa5 Rxd1+ 22.Rxd1 Rb8
23.Rd7 e6 24.Rxa7 Rxb3 25.a6 Ra3 26.f4 h6 27.Kf2 g5 28.e3 g4 29.Ke2 h5 30.Ra8 Ra2+
31.Kd3 Rxh2 32.Rb8 Ra2 33.Rb6 h4 34.gxh4 g3 35.Rb1 Kg6 36.Rg1 g2 37.a7 Rxa7
38.Rxg2+ Kh5 39.Ke4 f6 40.Rg8 Kxh4 41.Rf8 f5+ 42.Ke5 Kg4 43.Rg8+ Kf3 44.Kxe6 Ke4
45.Kf6 Ra6+ 46.Kg5 Kxe3 47.Kxf5 Ra5+ 48.Kg4 Ra1 49.Re8+ Kd4 50.f5 Kd5 51.f6 Rf1
52.Kg5 Kd6 53.Kg6 Rg1+ 54.Kh6 Rf1 55.Kg7 Rg1+ 56.Kf8 Kd7 57.f7 Rf1 58.Re4 Rg1
59.Rd4+ Kc7 60.Ke7 Re1+ 61.Kf6 Rf1+ 62.Ke6 Kc8 63.Rg4 Kc7 64.Rg8 Kc6 65.Rc8+ Kb7
66.f8=Q Rxf8 67.Rxf8 Kc6 68.Rc8+ Kb5 69.Kd5 Kb6 70.Rb8+ Kc7 71.Rb2 Kd7  1-0

[Event "chess.com Speed 2019"]
[Site "chess.com INT"]
[Date "2019.10.02"]
[Round "1.22"]
[White "So,W"]
[Black "Mamedyarov,S"]
[Result "1-0"]
[WhiteElo "2767"]
[BlackElo "2767"]

1.d4 Nf6 2.c4 c5 3.d5 e6 4.Nc3 exd5 5.cxd5 d6 6.Nf3 g6 7.Bf4 Bg7 8.e3 O-O
9.h3 a6 10.a4 Re8 11.Nd2 Nh5 12.Bh2 Nd7 13.Be2 Be5 14.Bxh5 gxh5 15.Qxh5 Bxh2
16.Rxh2 Ne5 17.Kf1 Ng6 18.Nde4 Re5 19.Qe2 Bf5 20.Ng3 Bd7 21.a5 Qh4 22.Qd2 Rae8
23.Kg1 h5 24.Nge2 Rg5 25.f4 Rf5 26.e4 Rxf4 27.g3  1-0

[Event "chess.com Speed 2019"]
[Site "chess.com INT"]
[Date "2019.10.02"]
[Round "1.20"]
[White "So,W"]
[Black "Mamedyarov,S"]
[Result "1-0"]
[WhiteElo "2767"]
[BlackElo "2767"]

1.d4 e6 2.Nf3 b6 3.e4 Bb7 4.Bd3 Nf6 5.Qe2 d5 6.e5 Nfd7 7.c3 c5 8.O-O Nc6
9.a3 Rc8 10.Rd1 Be7 11.Nbd2 g5 12.Nf1 g4 13.Ne1 cxd4 14.cxd4 Nxd4 15.Qxg4 Nb3
16.Qg7 Rf8 17.Rb1 Ndc5 18.Bh6 Nxd3 19.Rxd3 Nc5 20.Rd4 Kd7 21.Ng3 Qe8 22.b4 Rg8
23.Qxh7 Na4 24.Nf3 Rh8 25.Qg7 Nc3 26.Re1 Rg8 27.Qh7 Rh8 28.Qg7 Ba6 29.Bg5 Rg8
30.Qh6 Rg6 31.Qh5 Nb5 32.Rdd1 Nxa3 33.Bxe7 Qxe7 34.Nd4 Nc2 35.Nxc2 Rxc2 36.Ra1 Qxb4
37.Qd1 Qc5 38.Qf3 Bd3 39.Rxa7+ Kc6 40.Qxf7 Kb5 41.Rb1+ Kc4 42.Qf4+ d4 43.Ra4+ Kc3
44.Ne4+ Bxe4 45.Qxe4 d3 46.Rf1 Rg8 47.Qe1+ d2 48.Qa1+ Kd3 49.Ra3+ Rc3 50.Qb1+ Kd4
51.Rxc3 Qxc3 52.Qxb6+ Kxe5 53.Qb5+ Kf6 54.h4 Qf3 55.Qg5+  1-0

[Event "22nd European Teams"]
[Site "Batumi GEO"]
[Date "2019.10.27"]
[Round "4.4"]
[White "Mamedyarov,S"]
[Black "Navara,D"]
[Result "1/2-1/2"]
[WhiteElo "2767"]
[BlackElo "2717"]

1.d4 Nf6 2.c4 e6 3.Nc3 Bb4 4.Qc2 O-O 5.e4 d5 6.e5 Ne4 7.Bd3 c5 8.Nf3 cxd4
9.Nxd4 Nd7 10.Bf4 Qh4 11.g3 Qh5 12.O-O Bxc3 13.bxc3 g5 14.cxd5 exd5 15.Be3 Nxe5
16.f3 Nc5 17.Bf5 Ne6 18.Rae1 Nxd4 19.Bxd4 Nc6 20.Bc5 Bxf5 21.Qxf5 Rfe8 22.Rxe8+ Rxe8
23.Qd7 Re2 24.Qc8+ Kg7 25.Qf8+ Kg6 26.Qg8+ Kf6 27.Qh8+ Kg6 28.Qg8+ Kf6 29.Qh8+ Kg6
30.Qg8+ Kf6  1/2-1/2

[Event "Superbet Rapid 2019"]
[Site "Bucharest ROU"]
[Date "2019.11.08"]
[Round "7.2"]
[White "Mamedyarov,S"]
[Black "Giri,A"]
[Result "1-0"]
[WhiteElo "2772"]
[BlackElo "2776"]

1.d4 Nf6 2.c4 e6 3.Nc3 Bb4 4.Qc2 d5 5.cxd5 exd5 6.Bg5 h6 7.Bh4 c5 8.dxc5 g5
9.Bg3 Ne4 10.Bxb8 Bxc3+ 11.bxc3 Rxb8 12.Qa4+ Ke7 13.Qd4 b6 14.c6 Be6 15.e3 Qd6
16.f3 Nc5 17.Ne2 Qxc6 18.Qd2 Qd6 19.Nd4 Bd7 20.Bb5 Kf8 21.Bxd7 Qxd7 22.O-O Rg8
23.Rad1 Rd8 24.g4 h5 25.Nf5 hxg4 26.fxg4 Qa4 27.h3 Rh8 28.Qh2 Ne6 29.Nd6 Nf4
30.exf4 Rxd6 31.fxg5 Qc6 32.Rf3 Rh7 33.Rdf1 Qc5+ 34.Kh1 Qc6 35.Kg1 Kg8 36.R1f2 Rg7
37.Rf6 Re6 38.Qf4 Qxc3 39.Qb8+ Kh7 40.Rxf7 Rg6 41.Rf8 Qe1+ 42.Kh2  1-0

[Event "World Rapid 2019"]
[Site "Moscow RUS"]
[Date "2019.12.26"]
[Round "1.12"]
[White "Ruck,R1"]
[Black "Mamedyarov,S"]
[Result "0-1"]
[WhiteElo "2530"]
[BlackElo "2772"]

1.Nf3 Nf6 2.c4 b6 3.g3 Bb7 4.Bg2 g6 5.O-O Bg7 6.Nc3 O-O 7.d4 e6 8.Bf4 d6
9.Qd2 Re8 10.Rad1 Nbd7 11.Bh6 Bh8 12.Bg5 Qe7 13.Rfe1 Qf8 14.e4 e5 15.dxe5 dxe5
16.Nd5 Nxd5 17.cxd5 c6 18.Bh3 Nc5 19.d6 f6 20.Bh6 Bg7 21.Bxg7 Kxg7 22.b4 Na6
23.d7 Red8 24.a3 Nc7 25.Qb2 Qe7 26.Rd2 Rab8 27.Re3 Ne6 28.Bxe6 Qxe6 29.Red3 c5
30.Rd6 Qg4 31.Rxf6 Qxe4 32.Rf7+ Kg8 33.Rf6 Rf8 34.Rxf8+ Rxf8 35.d8=Q Qxf3
36.Kf1 Qh1+ 37.Ke2 Qe4+ 38.Kd1 Qh1+ 39.Kc2 Be4+ 40.Kb3 Rxd8 41.Rxd8+ Kf7
42.bxc5 Bd5+ 43.Kc2 Be4+ 44.Kd2 Qf3 45.Qxe5 Qxf2+ 46.Kc3 Qe1+ 47.Kb2 Qb1+
48.Kc3 Qa1+  0-1

[Event "World Rapid 2019"]
[Site "Moscow RUS"]
[Date "2019.12.26"]
[Round "2.8"]
[White "Mamedyarov,S"]
[Black "Alekseev,Evgeny"]
[Result "1/2-1/2"]
[WhiteElo "2772"]
[BlackElo "2620"]

1.d4 Nf6 2.c4 e6 3.Nc3 d5 4.cxd5 exd5 5.Bg5 c6 6.e3 Bd6 7.Bd3 Nbd7 8.f4 h6
9.Bh4 g5 10.fxg5 Ne4 11.Qh5 Nxg5 12.O-O-O Nf6 13.Qe2 Qe7 14.Nf3 Rg8 15.Rhf1 Bd7
16.Kb1 O-O-O 17.Rde1 Rde8 18.a3 Qe6 19.Ne5 Bxe5 20.dxe5 Qxe5 21.Bg3 Qe6 22.Ka1 Nge4
23.Nxe4 Nxe4 24.Bxe4 Qxe4 25.Qd2 b6 26.Rf6 Kb7 27.Rxf7 Re7 28.Rf4 Qg6 29.e4 dxe4
30.Rexe4 Rge8 31.Rxe7 Rxe7 32.Rf8 Be8 33.Qd8 Qe6 34.Qb8+ Ka6 35.Qf4 Rf7 36.Qd6 Qxd6
37.Bxd6 Rxf8  1/2-1/2

[Event "World Rapid 2019"]
[Site "Moscow RUS"]
[Date "2019.12.26"]
[Round "3.19"]
[White "Sanal,V"]
[Black "Mamedyarov,S"]
[Result "0-1"]
[WhiteElo "2549"]
[BlackElo "2772"]

1.e4 c6 2.d4 d5 3.Nc3 dxe4 4.Nxe4 Nf6 5.Qd3 Nbd7 6.Nf3 Nxe4 7.Qxe4 Nf6 8.Qe2 Bg4
9.c3 Qd5 10.Be3 e6 11.Rg1 g6 12.Qd1 Bxf3 13.gxf3 Be7 14.Rg5 Qd6 15.Qb3 Nd5
16.Rg2 O-O 17.O-O-O a5 18.Qc2 b5 19.Kb1 f5 20.Re1 Bf6 21.Rg1 Kf7 22.h3 Rab8
23.Rc1 Rb7 24.Be2 Rfb8 25.Bd1 b4 26.c4 Nc3+ 27.Ka1 Nxa2 28.Rb1 b3 29.Qd2 Rb4
30.Bxb3 Rxb3 31.Kxa2 c5 32.dxc5  0-1

[Event "World Rapid 2019"]
[Site "Moscow RUS"]
[Date "2019.12.26"]
[Round "4.9"]
[White "Mamedyarov,S"]
[Black "Predke,A"]
[Result "1-0"]
[WhiteElo "2772"]
[BlackElo "2676"]

1.d4 c6 2.c4 d5 3.Nf3 Nf6 4.Qb3 dxc4 5.Qxc4 Bf5 6.g3 e6 7.Bg2 Nbd7 8.O-O Be7
9.Nc3 Rc8 10.a4 Ne4 11.a5 O-O 12.Qb3 b5 13.axb6 axb6 14.Ra7 b5 15.Bf4 Ndf6
16.Ne5 Bd6 17.Nxe4 Bxe4 18.Nxf7 Rxf7 19.Qxe6 Qe8 20.Qxf7+ Qxf7 21.Rxf7 Bxg2
22.Kxg2 Bxf4 23.Rxf6 gxf6 24.gxf4 c5 25.Rc1 c4 26.e4 Kf7 27.f5 Ke7 28.Kf3 Kd6
29.Ra1 b4 30.Ra6+ Kd7 31.Ke2 c3 32.bxc3 bxc3 33.Ra1  1-0

[Event "World Rapid 2019"]
[Site "Moscow RUS"]
[Date "2019.12.26"]
[Round "5.5"]
[White "Ponkratov,P"]
[Black "Mamedyarov,S"]
[Result "0-1"]
[WhiteElo "2632"]
[BlackElo "2772"]

1.e4 c6 2.d4 d5 3.e5 Bf5 4.g4 Bd7 5.c4 e6 6.Nc3 Ne7 7.Nf3 Na6 8.c5 h5 9.g5 Nc7
10.Rb1 g6 11.h4 Nf5 12.Be3 b6 13.b4 b5 14.a4 bxa4 15.Qxa4 Be7 16.Bd3 O-O
17.O-O a6 18.Ne2 Nb5 19.Ra1 Qc7 20.Ra2 Ra7 21.Rfa1 Rfa8 22.Bxb5 cxb5 23.Qa3 Bd8
24.Bd2 Ne7 25.Qd3 Nc6 26.Nf4 Be8 27.Qb1 a5 28.bxa5 Nxa5 29.Bxa5 Rxa5 30.Rxa5 Rxa5
31.Rxa5 Qxa5 32.Nd3 Qc3 33.Kg2 Kg7 34.Kg3 Ba5 35.Qa2 Qxd3 36.Qxa5 Qe4 37.Qc3 b4
38.Qe3 Qxe3 39.fxe3 b3 40.Kf2 b2 41.Nd2 Kf8 42.Ke1 Bb5 43.Nb1 Bd3 44.Na3 Ke7
45.Kd2 b1=Q 46.Nxb1 Bxb1 47.Kc3 Kd7 48.Kb4 Kc6 49.Ka5 Bd3 50.Ka4 Kb7 51.Ka5 Be2
52.Ka4 Ka6 53.Kb4 Bb5  0-1

[Event "World Rapid 2019"]
[Site "Moscow RUS"]
[Date "2019.12.27"]
[Round "6.3"]
[White "Mamedyarov,S"]
[Black "Duda,J"]
[Result "1-0"]
[WhiteElo "2772"]
[BlackElo "2758"]

1.d4 Nf6 2.c4 g6 3.Nf3 Bg7 4.g3 c6 5.Bg2 d5 6.Qb3 O-O 7.O-O Qb6 8.Nc3 Rd8
9.Bd2 Be6 10.Na4 Qxb3 11.axb3 Nbd7 12.Rfc1 Ne4 13.Bb4 Kf8 14.e3 h6 15.Nd2 a5
16.Nxe4 dxe4 17.Be1 f5 18.Bf1 Bf7 19.b4 axb4 20.Bxb4 Ra6 21.c5 Ra7 22.Nb6 Rxa1
23.Rxa1 Nxb6 24.cxb6 Ke8 25.Ra7 Bd5 26.Bc5 Rd7 27.Ba6 bxa6 28.b7 Rxb7 29.Rxb7 Bf6
30.Rb6 Kd7 31.Rxa6 Bc4 32.Ra7+ Ke6 33.Rc7 Bb5 34.b3 g5 35.d5+ Kxd5 36.Bxe7 Be5
37.Rb7 Be2 38.h4 f4 39.hxg5 hxg5 40.Bxg5 fxg3 41.Bf4 gxf2+ 42.Kxf2 Bd3 43.Bxe5 Kxe5
44.Ke1 c5 45.Kd2 Kd6 46.Kc3 Be2 47.Rg7 Kd5 48.Rg2 Bf1 49.Rf2 Bb5 50.Kb2 Kc6
51.Rf6+ Kd5 52.Rf5+ Kc6 53.Rf8 Be2 54.Ka3 Kb5 55.Rf6 Bd3 56.Re6 Bc2 57.Kb2 Bd3
58.Kc3 Ka5 59.Rd6 Be2 60.Rd5 Kb6 61.b4 cxb4+ 62.Kxb4 Kc6 63.Rd4 Bd3 64.Kc3 Kc5
65.Kd2  1-0

[Event "World Rapid 2019"]
[Site "Moscow RUS"]
[Date "2019.12.27"]
[Round "7.2"]
[White "Dominguez Perez,L"]
[Black "Mamedyarov,S"]
[Result "1/2-1/2"]
[WhiteElo "2758"]
[BlackElo "2772"]

1.e4 c6 2.d4 d5 3.exd5 cxd5 4.Bd3 Nc6 5.c3 Qc7 6.h3 g6 7.Ne2 Bf5 8.Bxf5 gxf5
9.Bf4 Qd7 10.Nd2 e6 11.g4 Nge7 12.Ng3 O-O-O 13.gxf5 Nxf5 14.Nxf5 exf5 15.Qf3 Re8+
16.Kd1 Re6 17.Kc2 Ne7 18.Rhe1 Ng6 19.Rxe6 fxe6  1/2-1/2

[Event "World Rapid 2019"]
[Site "Moscow RUS"]
[Date "2019.12.27"]
[Round "9.2"]
[White "Vachier Lagrave,M"]
[Black "Mamedyarov,S"]
[Result "1-0"]
[WhiteElo "2780"]
[BlackElo "2772"]

1.e4 c6 2.Nf3 d5 3.Nc3 Bg4 4.h3 Bxf3 5.Qxf3 e6 6.Be2 Bc5 7.O-O Nf6 8.Rd1 Bd4
9.Qf4 Bxc3 10.bxc3 Nxe4 11.Ba3 Nd7 12.Rab1 Qa5 13.Bb4 Qd8 14.c4 c5 15.cxd5 exd5
16.Bc3 O-O 17.Rxb7 Nxc3 18.dxc3 Nf6 19.Bf3 Qa5 20.c4 Qa4 21.Rc7 Rab8 22.Rxc5 Rb4
23.c3 Rb2 24.Qd4 dxc4 25.Rxc4 Qc2 26.a4 a5 27.Rc5 h6 28.Rxa5 Re8 29.Ra8 Rxa8
30.Bxa8 Ra2 31.Bc6 g6 32.Re1 Kg7 33.c4 Ra3 34.Bb5 Rd3 35.Qe5 Rd2 36.Rf1 Re2
37.Qa1  1-0

[Event "World Rapid 2019"]
[Site "Moscow RUS"]
[Date "2019.12.27"]
[Round "10.4"]
[White "Mamedyarov,S"]
[Black "Guseinov,G"]
[Result "1/2-1/2"]
[WhiteElo "2772"]
[BlackElo "2666"]

1.d4 Nf6 2.Nf3 g6 3.g3 Bg7 4.Bg2 O-O 5.O-O d6 6.Re1 c5 7.dxc5 dxc5 8.Qxd8 Rxd8
9.e4 Nc6 10.h3 h6  1/2-1/2

[Event "World Rapid 2019"]
[Site "Moscow RUS"]
[Date "2019.12.28"]
[Round "11.5"]
[White "Svidler,P"]
[Black "Mamedyarov,S"]
[Result "1/2-1/2"]
[WhiteElo "2723"]
[BlackElo "2772"]

1.e4 e5 2.Nf3 Nc6 3.Bb5 a6 4.Ba4 Nf6 5.Qe2 b5 6.Bb3 Bc5 7.c3 O-O 8.O-O Re8
9.d3 h6 10.h3 d6 11.Be3 Bxe3  1/2-1/2